Газовые контактные воздухонагреватели

Xehetasun bibliografikoak
Egile nagusia: Комина Г. П. Галина Павловна
Gaia:Исключено из фонда НТБ ТПУ
Hizkuntza:errusiera
Argitaratua: Ленинград, Недра, 1969
Saila:Библиотека мастера газового хозяйства
Formatua: Liburua
KOHA link:https://koha.lib.tpu.ru/cgi-bin/koha/opac-detail.pl?biblionumber=338546

MARC

LEADER 00000nam0a2200000 4500
001 338546
005 20231101032430.0
035 |a (RuTPU)RU\TPU\book\365048 
090 |a 338546 
100 |a 20171128d1969 km y0rusy50 ca 
101 0 |a rus 
102 |a RU 
105 |a a z 001zy 
200 1 |a Газовые контактные воздухонагреватели  |f Г. П. Комина 
210 |a Ленинград  |c Недра  |d 1969 
215 |a 101 с.  |c ил. 
225 1 |a Библиотека мастера газового хозяйства 
320 |a Библиогр.: с. 100 
333 |a Исключено из фонда НТБ ТПУ 
675 |a 697.921.4  |v 4 
700 1 |a Комина  |b Г. П.  |g Галина Павловна 
801 1 |a RU  |b 63413507  |c 20171128 
801 2 |a RU  |b 63413507  |c 20230119  |g RCR 
942 |c BK